|
|
|
|
| LEADER |
01401nam a2200385 a 4500 |
| 001 |
000052809 |
| 003 |
CZ BrMZK |
| 005 |
20230623113119.0 |
| 007 |
ta |
| 008 |
950313s1995 xr a j cze d |
| 015 |
|
|
|a cnb000109179
|
| 020 |
|
|
|a 80-7176-216-4
|
| 035 |
|
|
|a (OCoLC)36509194
|
| 040 |
|
|
|a BOA001
|b cze
|
| 041 |
1 |
|
|a cze
|h ger
|
| 072 |
|
7 |
|a 821-93
|x Literatura pro děti a mládež (beletrie)
|2 Konspekt
|9 26
|
| 080 |
|
|
|a 821-34
|2 MRF
|
| 080 |
|
|
|a 821-93
|2 MRF
|
| 080 |
|
|
|a (0:82-34)
|2 MRF
|
| 245 |
0 |
0 |
|a 366 pohádek na dobrou noc /
|c [redigovala Zdenka Mayerová ; z němčiny přeložili Hana Homoláčková a Pavel Váňa ; ilustrovali Debbie Allwright,... [et al.]
|
| 246 |
3 |
|
|a Třistašedesátšest pohádek na dobrou noc
|
| 250 |
|
|
|a Vyd. 1.
|
| 260 |
|
|
|a Praha :
|b Knižní klub,
|c 1995
|
| 300 |
|
|
|a 194 s. :
|b il. ;
|c 27 cm
|
| 655 |
|
7 |
|a pohádky
|7 fd133054
|2 czenas
|
| 655 |
|
7 |
|a publikace pro děti
|7 fd133156
|2 czenas
|
| 700 |
1 |
|
|a Mayerová, Zdenka
|4 pbd
|
| 700 |
1 |
|
|a Homoláčová, Hana,
|d 1958-
|7 jx20080212009
|4 trl
|
| 700 |
1 |
|
|a Váňa, Pavel,
|d 1951-
|7 mzk2005269991
|4 trl
|
| 700 |
1 |
|
|a Allwright, Deborah
|7 xx0030794
|4 ill
|
| 765 |
0 |
|
|t Sandmännchen erzählt 366 Gute-Nacht-Geschichten
|9 Česky
|
| 910 |
|
|
|a BOA001
|b 3-1014.888
|
| 990 |
|
|
|a BK
|
| 991 |
|
|
|b 200705
|
| 996 |
6 |
|
|b 2610856980
|c 3-1014.888
|l MZK
|r Sklad / do 1 hodiny
|n 0
|p dar
|w 000052809
|u 000020
|a 1
|e BOA001
|j MZK50
|s P
|